<?xml version="1.0" encoding="UTF-8"?>
<collection xmlns="http://www.loc.gov/MARC21/slim">
 <record>
  <leader>01428nam a2200217Ia 4500</leader>
  <controlfield tag="001">TDMU_37742</controlfield>
  <controlfield tag="008">210410s9999    xx            000 0 und d</controlfield>
  <datafield tag="082" ind1=" " ind2=" ">
   <subfield code="a">631.5</subfield>
  </datafield>
  <datafield tag="090" ind1=" " ind2=" ">
   <subfield code="b">W103</subfield>
  </datafield>
  <datafield tag="100" ind1=" " ind2=" ">
   <subfield code="a">Walliman, Nicholas</subfield>
  </datafield>
  <datafield tag="245" ind1=" " ind2="0">
   <subfield code="a">Phương pháp nghiên cứu khoa học - Những vấn đề cơ bản</subfield>
  </datafield>
  <datafield tag="245" ind1=" " ind2="0">
   <subfield code="c">Nicholas Walliman; Nguyễn Văn Nhật (biên dịch)</subfield>
  </datafield>
  <datafield tag="260" ind1=" " ind2=" ">
   <subfield code="a">Ko. Nxb.</subfield>
  </datafield>
  <datafield tag="260" ind1=" " ind2=" ">
   <subfield code="b">Ko. Nxb</subfield>
  </datafield>
  <datafield tag="260" ind1=" " ind2=" ">
   <subfield code="c">2019</subfield>
  </datafield>
  <datafield tag="300" ind1=" " ind2=" ">
   <subfield code="a">217tr.</subfield>
  </datafield>
  <datafield tag="520" ind1=" " ind2=" ">
   <subfield code="a">Gồm 11 chương trình bày các nội dung: Những khái niệm căn bản của nghiên cứu khoa học; Lý thuyết nghiên cứu khoa học; Xây dựng dự án nghiên cứu khoa học; Đạo đức trong nghiên cứu khoa học; Tìm kiếm và đánh giá tổng quan tài liệu nghiên cứu; Bản chất của dữ liệu; Thu thập và phân tích dữ liệu thứ cấp; Thu thập dữ liệu sơ cấp; Phân tích dữ liệu định lượng; Phân tích dữ liệu định tính; Viết thuyết minh và viết báo cáo kết quả nghiên cứu</subfield>
  </datafield>
  <datafield tag="650" ind1=" " ind2=" ">
   <subfield code="a">Nghiên cứu khoa học</subfield>
   <subfield code="x">Phương pháp</subfield>
  </datafield>
  <datafield tag="700" ind1=" " ind2=" ">
   <subfield code="a">Nguyễn, Văn Nhật</subfield>
  </datafield>
  <datafield tag="856" ind1=" " ind2=" ">
   <subfield code="u">http://lrc.tdmu.edu.vn/opac/search/detail.asp?aID=2&amp;ID=37742</subfield>
  </datafield>
  <datafield tag="980" ind1=" " ind2=" ">
   <subfield code="a">Trung tâm Học liệu Trường Đại học Thủ Dầu Một</subfield>
  </datafield>
 </record>
</collection>
